[Event "Open BDR Salon"]
[Site "?"]
[Date "2005.11.13"]
[Round "1"]
[White "Barabe, Etienne"]
[Black "Santana, Eric"]
[Result "1/2-1/2"]
[WhiteElo "1199"]
[BlackElo "1499"]
[PlyCount "31"]
[EventDate "2005.04.02"]
[SourceDate "2005.04.02"]

1. d4 d5 2. Nf3 Nc6 3. e3 h6 4. Bb5 Bd7 5. Nc3 Nf6 6. Bd2 a6 7. Bxc6 Bxc6 8.
O-O e6 9. Ne5 Bd6 10. Nxc6 bxc6 11. Re1 O-O 12. e4 dxe4 13. Nxe4 Be7 14. Nxf6+
Bxf6 15. Be3 Qe8 16. Bf4 {erreur de notation...} 1/2-1/2

[Event "Open BDR Salon"]
[Site "?"]
[Date "2004.11.13"]
[Round "1"]
[White "Dufresne, Ali"]
[Black "Piat, Jean-Pascal"]
[Result "0-1"]
[WhiteElo "1499"]
[BlackElo "1900"]
[PlyCount "44"]
[EventDate "2004.11.27"]
[SourceDate "2005.04.02"]

1. e4 d5 2. f3 e6 3. d4 dxe4 4. fxe4 Qh4+ 5. g3 Qxe4+ 6. Ne2 Qxh1 7. Bd2 Nf6 8.
Nbc3 Qxh2 9. Bf4 Bb4 10. Qd3 Nd5 11. O-O-O Bxc3 12. Bxc7 Bxb2+ 13. Kxb2 Nxc7
14. Qc3 Nd5 15. Qxc8+ Ke7 16. Qxh8 Ne3 17. Re1 Qf2 18. Rc1 Nxf1 19. Nc3 Nd2 20.
Nb5 Qxg3 21. c3 Nc4+ 22. Kb3 a6 0-1

[Event "Open BDR Salon"]
[Site "?"]
[Date "2004.11.13"]
[Round "1"]
[White "Pilotto, David"]
[Black "Navarro, Bertrand"]
[Result "1/2-1/2"]
[WhiteElo "1890"]
[BlackElo "1499"]
[PlyCount "119"]
[EventDate "2004.11.27"]
[SourceDate "2005.04.02"]

1. c4 Nf6 2. Nc3 g6 3. Nf3 Bg7 4. b3 O-O 5. Bb2 d6 6. Rb1 e5 7. e3 Nc6 8. Be2
Bg4 9. O-O Nd7 10. Nd5 Ne7 11. Nxe7+ Qxe7 12. d3 f5 13. Nd2 Bxe2 14. Qxe2 Nf6
15. f4 e4 16. dxe4 Nxe4 17. Bxg7 Kxg7 18. Nxe4 Qxe4 19. Qb2+ Kg8 20. Rfe1 Rae8
21. Rbd1 Qe7 22. Qd4 b6 23. Rd2 Qe4 24. Kf2 Qxd4 25. Rxd4 Rf6 26. h4 h5 27. Kf3
Ree6 28. b4 c6 29. a4 c5 30. bxc5 bxc5 31. Rd3 Kf7 32. Rb1 Re7 33. Rb8 Re8 34.
Rxe8 Kxe8 35. a5 Kd7 36. Rb3 Kc8 37. a6 Rf7 38. g3 Rc7 39. e4 fxe4+ 40. Kxe4
Rc6 41. Ra3 Rb6 42. f5 gxf5+ 43. Kxf5 Rb4 44. Ke6 Kc7 45. Kd5 Kb6 46. g4 hxg4
47. Rg3 Kxa6 48. Rxg4 Rb1 49. Kxd6 Kb6 50. Rg5 Rd1+ 51. Rd5 Rd4 52. h5 Rxc4 53.
Rd1 Rh4 54. Rb1+ Ka5 55. h6 Rxh6+ 56. Kxc5 Rh5+ 57. Kc4 a6 58. Rb2 Rh4+ 59. Kc5
Rh5+ 60. Kc4 1/2-1/2

[Event "Open BDR Salon"]
[Site "?"]
[Date "2004.11.13"]
[Round "1"]
[White "Frailinu, Jean-Bernard"]
[Black "Bizien, Matthieu"]
[Result "0-1"]
[WhiteElo "1490"]
[BlackElo "1833"]
[PlyCount "26"]
[EventDate "2004.11.27"]
[SourceDate "2005.04.02"]

1. d4 Nf6 2. Nf3 c5 3. Bf4 cxd4 4. Nxd4 e5 5. Ne6 dxe6 6. Qxd8+ Kxd8 7. Bxe5
Bb4+ 8. Nc3 Nc6 9. Rd1+ Ke7 10. Bg3 Ne4 11. Rd3 Rd8 12. Bh4+ f6 13. Re3 Nd4 0-1

[Event "Open BDR Salon"]
[Site "?"]
[Date "2004.11.13"]
[Round "1"]
[White "Fedeli, Rene"]
[Black "Humbert, Didier"]
[Result "1-0"]
[WhiteElo "1680"]
[BlackElo "1480"]
[PlyCount "57"]
[EventDate "2004.11.27"]
[SourceDate "2005.04.02"]

1. e4 Nf6 2. e5 Nd5 3. d4 d6 4. f4 g6 5. Nf3 Bg7 6. Bc4 Nb6 7. Bb3 d5 8. O-O
Nc6 9. c3 e6 10. Na3 O-O 11. Be3 Ne7 12. Rc1 Nf5 13. Bf2 a5 14. Bc2 Bd7 15. Qe2
Re8 16. h3 Bf8 17. Nb1 a4 18. Nh2 Ra5 19. Ng4 Bg7 20. Nd2 h5 21. Ne3 Nh6 22. g4
g5 23. f5 h4 24. f6 Bxf6 25. exf6 Bb5 26. c4 dxc4 27. Nexc4 Nd5 28. Qe5 Ra6 29.
Qxg5+ 1-0

[Event "Open BDR Salon"]
[Site "?"]
[Date "2004.11.13"]
[Round "1"]
[White "Blondelon, Claude"]
[Black "Terrien, Claude"]
[Result "0-1"]
[WhiteElo "1420"]
[BlackElo "1650"]
[PlyCount "62"]
[EventDate "2004.11.27"]
[SourceDate "2005.04.02"]

1. d4 Nf6 2. c4 g6 3. Nf3 Bg7 4. Nc3 d5 5. cxd5 Nxd5 6. e4 Nxc3 7. bxc3 c5 8.
Be2 Nc6 9. Be3 Qa5 10. Qd2 Bg4 11. O-O Rd8 12. Qb2 Rd7 13. Rad1 cxd4 14. Nxd4
Bxe2 15. Nxe2 Qc7 16. Qc1 O-O 17. Rxd7 Qxd7 18. Rd1 Qc7 19. Rd3 Ne5 20. Rd1 Ng4
21. Bf4 e5 22. Bg3 f5 23. h3 Nf6 24. exf5 gxf5 25. c4 Qc5 26. Rd3 Ne4 27. Rd5
Qb6 28. Kf1 f4 29. Bh4 Bf6 30. c5 Qe6 31. Bxf6 Qxd5 0-1

[Event "Open BDR Salon"]
[Site "?"]
[Date "2004.11.13"]
[Round "1"]
[White "Nari, Damien"]
[Black "Brunie, Luce"]
[Result "1-0"]
[WhiteElo "1650"]
[BlackElo "1340"]
[PlyCount "63"]
[EventDate "2004.11.27"]
[SourceDate "2005.04.02"]

1. e4 e6 2. d4 d5 3. Nc3 c5 4. exd5 exd5 5. Be3 Qa5 6. dxc5 Nf6 7. Qe2 Be6 8.
O-O-O Bxc5 9. Qb5+ Qxb5 10. Bxb5+ Nc6 11. Bxc5 O-O-O 12. Bxc6 bxc6 13. Bxa7 Ng4
14. Nf3 Kb7 15. Bc5 Ra8 16. h3 Nf6 17. Ng5 Nd7 18. Nxe6 fxe6 19. Ba3 Nb6 20.
Rhe1 Rhe8 21. Bc5 Nc4 22. b3 Na5 23. a4 Ka6 24. Na2 Kb7 25. Kb2 Kc8 26. Nb4 Kd7
27. Nd3 Kc8 28. Rd2 Rb8 29. Ka3 Nb7 30. Bd4 g6 31. Rde2 Nd8 32. Nf4 1-0

[Event "Open BDR Salon"]
[Site "?"]
[Date "2004.11.13"]
[Round "1"]
[White "Guyard, Gerard"]
[Black "Chazeau, Laineur-Lothaire"]
[Result "0-1"]
[WhiteElo "1340"]
[BlackElo "1560"]
[PlyCount "114"]
[EventDate "2004.11.27"]
[SourceDate "2005.04.02"]

1. d4 d5 2. e4 dxe4 3. Nc3 Nf6 4. f3 exf3 5. Nxf3 e6 6. Bd3 Nc6 7. Be3 Ng4 8.
Qe2 Nxe3 9. Qxe3 Bb4 10. O-O O-O 11. Ng5 g6 12. Nce4 f5 13. Nc5 Bxc5 14. dxc5
Qd4 15. Rae1 Qxe3+ 16. Rxe3 e5 17. Bc4+ Kg7 18. Bd5 e4 19. c3 h6 20. Ne6+ Bxe6
21. Bxe6 Rad8 22. Bb3 Rd2 23. Rd1 Rfd8 24. Rb1 Na5 25. Ree1 Nxb3 26. axb3 Kf6
27. b4 c6 28. c4 a6 29. b3 Rc2 30. Red1 Rdd2 31. Rxd2 Rxd2 32. Kf1 g5 33. b5
axb5 34. cxb5 cxb5 35. Ra1 Rb2 36. Ra7 Rxb3 37. Rxb7 b4 38. c6 Rc3 39. c7 b3
40. Ke1 b2 41. Rxb2 Rxc7 42. Rb6+ Kg7 43. Kd2 Rf7 44. Ke3 Rf6 45. Rb3 Rd6 46.
g3 Kf6 47. Ra3 Ke5 48. Rb3 f4+ 49. gxf4+ gxf4+ 50. Kf2 Rd2+ 51. Ke1 Rxh2 52.
Rb5+ Kf6 53. Rb6+ Kg5 54. Rb4 e3 55. Rb5+ Kg4 56. Rb4 Kf3 57. Kd1 h5 0-1

[Event "Open BDR Salon"]
[Site "?"]
[Date "2004.11.13"]
[Round "1"]
[White "Santana, Paul"]
[Black "Nerino, Nicolas"]
[Result "0-1"]
[WhiteElo "1499"]
[BlackElo "1340"]
[PlyCount "102"]
[EventDate "2004.11.27"]
[SourceDate "2005.04.02"]

1. d4 d6 2. e4 Nf6 3. Nc3 g6 4. Nf3 Bg7 5. h3 c6 6. Be2 O-O 7. O-O Qc7 8. Qd2
Rd8 9. b3 e5 10. Bb2 Nbd7 11. Bc4 Nb6 12. Be2 Be6 13. Rfd1 Rd7 14. Qg5 h6 15.
Qe3 Re8 16. dxe5 dxe5 17. Nd2 Rdd8 18. a4 Nbd7 19. Nc4 Bxc4 20. Bxc4 Nb6 21.
Be2 Rxd1+ 22. Rxd1 Rd8 23. Ba3 Rxd1+ 24. Bxd1 Nc8 25. Be2 Qa5 26. Bb2 b6 27.
Qd3 b5 28. Qd1 b4 29. Nb1 Nxe4 30. Bf3 Nf6 31. Bxc6 Ne7 32. Bf3 Nf5 33. c3 bxc3
34. Bxc3 Qb6 35. Bxe5 Qa5 36. Bf4 Qb4 37. Qd2 Qxb3 38. Nc3 Nh7 39. Qd8+ Nf8 40.
Ne4 Qxa4 41. Nf6+ Bxf6 42. Qxf6 Qxf4 43. Bd5 Qc1+ 44. Kh2 Qc7+ 45. g3 Qd7 46.
Ba2 Nh7 47. Qb2 Ng5 48. Qb3 Nd4 49. Qb8+ Kh7 50. Qf4 Qxh3+ 51. Kg1 Ne2# 0-1

[Event "Open BDR Salon"]
[Site "?"]
[Date "2004.11.13"]
[Round "1"]
[White "Paolillo, Jeremy"]
[Black "Galland, Jean-Louis"]
[Result "1-0"]
[WhiteElo "1199"]
[BlackElo "1499"]
[PlyCount "67"]
[EventDate "2004.11.27"]
[SourceDate "2005.04.02"]

1. d4 Nf6 2. e3 d5 3. c4 c6 4. Nc3 Bf5 5. Nf3 e6 6. c5 Be7 7. Be2 Nbd7 8. b3
O-O 9. Bb2 b6 10. b4 bxc5 11. bxc5 Rb8 12. Rb1 Bxb1 13. Qxb1 Qa5 14. O-O Rb7
15. Rc1 Rfb8 16. Rc2 h6 17. h3 Ne4 18. Nxe4 dxe4 19. Nd2 Nf6 20. Nc4 Qa4 21.
Rc3 Rxb2 22. Nxb2 Qa5 23. Rb3 Rxb3 24. axb3 Nd5 25. Qxe4 Qd2 26. Bd3 Nf6 27.
Qxc6 Bf8 28. Nc4 Qxd3 29. Ne5 Qf5 30. Qb7 Nh7 31. c6 Bd6 32. Nc4 Qd5 33. Nxd6
Qxd6 34. c7 1-0

[Event "Open BDR Salon"]
[Site "?"]
[Date "2004.11.13"]
[Round "1"]
[White "Misene, Milan"]
[Black "Pierobon, Jonathan"]
[Result "1-0"]
[WhiteElo "1499"]
[BlackElo "1199"]
[PlyCount "73"]
[EventDate "2004.11.27"]
[SourceDate "2005.04.02"]

1. e4 e5 2. Nf3 Nc6 3. Bb5 Nge7 4. O-O g6 5. c3 Bg7 6. d3 O-O 7. Bg5 f6 8. Be3
d6 9. d4 d5 10. exd5 Qxd5 11. Na3 Rd8 12. Bc4 Qxc4 13. Nxc4 e4 14. Nfd2 f5 15.
f3 Nd5 16. Bg5 Nf6 17. fxe4 Rf8 18. exf5 Bxf5 19. Rxf5 gxf5 20. Qb3 b6 21. Ne5+
Kh8 22. Nxc6 h6 23. Bxf6 Bxf6 24. Rf1 Bg5 25. Nc4 f4 26. N6e5 Kh7 27. Qc2+ Kh8
28. Ng6+ Kg8 29. Nxf8 Kxf8 30. Qf5+ Ke8 31. Qe4+ Be7 32. Qxa8+ Kd7 33. Rxf4 a5
34. Ne5+ Ke6 35. Qc6+ Bd6 36. Qd7+ Kd5 37. c4# 1-0

[Event "Open BDR Salon"]
[Site "?"]
[Date "2004.11.13"]
[Round "1"]
[White "Dufresne, Said"]
[Black "Guillaume, Jean-Tristan"]
[Result "1-0"]
[WhiteElo "1499"]
[BlackElo "1199"]
[PlyCount "79"]
[EventDate "2004.11.27"]
[SourceDate "2005.04.02"]

1. Nf3 d5 2. c4 e6 3. b3 Nf6 4. Nc3 Nc6 5. d4 Bb4 6. Qc2 Ne4 7. Bb2 Bxc3+ 8.
Bxc3 Nxc3 9. Qxc3 dxc4 10. Qxc4 O-O 11. e3 Qd6 12. a3 Bd7 13. b4 a6 14. Rd1 Ne7
15. Bd3 Bb5 16. Qc2 Bxd3 17. Qxd3 h6 18. O-O b6 19. Rc1 Rfc8 20. Rc4 c5 21. h3
Rc7 22. Qe4 Rac8 23. Rfc1 cxb4 24. Rxc7 Rxc7 25. Rxc7 Qxc7 26. Qa8+ Kh7 27.
axb4 Qc1+ 28. Kh2 Qa3 29. Ne5 Qxb4 30. Nxf7 a5 31. h4 g5 32. h5 Kg7 33. Ne5 a4
34. Qe8 Qd6 35. Qxa4 Kf6 36. Qe8 Kg7 37. g3 Qc7 38. Qf7+ Kh8 39. Ng6+ Nxg6 40.
Qxc7 1-0

[Event "Open BDR Salon"]
[Site "?"]
[Date "2004.11.27"]
[Round "2"]
[White "Piat, Jean-Pascal"]
[Black "Dufresne, Said"]
[Result "1-0"]
[WhiteElo "1900"]
[BlackElo "1499"]
[PlyCount "107"]
[EventDate "2004.11.27"]
[SourceDate "2005.04.02"]

1. d4 d5 2. e4 dxe4 3. Nc3 Nf6 4. f3 e3 5. Bxe3 e6 6. Ne4 Nxe4 7. fxe4 Qh4+ 8.
Bf2 Qxe4+ 9. Ne2 Bd6 10. Qd2 O-O 11. O-O-O Nc6 12. Ng3 Qd5 13. c4 Bb4 14. Qxb4
Nxb4 15. cxd5 exd5 16. a3 Nc6 17. Be2 Bd7 18. Rhe1 a6 19. Bf3 Be6 20. Rd2 Na5
21. Rde2 g6 22. Kc2 c6 23. b3 b6 24. h3 Nb7 25. Kb2 Rab8 26. Re5 Rfd8 27. Ne2
Kf8 28. Bg3 Rbc8 29. Bh4 Re8 30. Nc3 b5 31. Bf6 Nd6 32. g4 Rb8 33. Na2 a5 34.
Kc3 Ra8 35. h4 h6 36. R5e2 Kg8 37. Be5 Rad8 38. Bxd6 Rxd6 39. b4 a4 40. Nc1 Rd7
41. Nd3 Kf8 42. Ne5 Rc7 43. Nxg6+ fxg6 44. Rxe6 Rce7 45. Rxe7 Rxe7 46. Rxe7
Kxe7 47. g5 h5 48. Kd3 Kd6 49. Bg2 Ke6 50. Ke3 Ke7 51. Kf4 Ke6 52. Bh3+ Kd6 53.
Bf1 Ke6 54. Bd3 1-0

[Event "Open BDR Salon"]
[Site "?"]
[Date "2004.11.27"]
[Round "2"]
[White "Bizien, Matthieu"]
[Black "Misene, Milan"]
[Result "1-0"]
[WhiteElo "1833"]
[BlackElo "1499"]
[PlyCount "77"]
[EventDate "2004.11.27"]
[SourceDate "2005.04.02"]

1. d4 Nf6 2. Nf3 g6 3. Bg5 Bg7 4. Nbd2 d6 5. e3 O-O 6. Bd3 Nbd7 7. Nc4 c5 8. a4
a5 9. O-O h6 10. Bh4 Nd5 11. c3 N7f6 12. Bg3 Nh5 13. Na3 Nxg3 14. hxg3 cxd4 15.
exd4 f5 16. Bc4 e6 17. Bxd5 exd5 18. Nb5 f4 19. gxf4 Rxf4 20. Re1 Bg4 21. Re3
Qf6 22. Qb3 Rf5 23. Nc7 Bxf3 24. Qxb7 Qg5 25. Qxa8+ Rf8 26. Qxf8+ Bxf8 27. Rxf3
Qd2 28. Nxd5 Qxb2 29. Re1 Qb7 30. c4 Qa7 31. Re8 Qg7 32. Rfxf8+ Qxf8 33. Rxf8+
Kxf8 34. c5 dxc5 35. dxc5 Ke8 36. c6 g5 37. g4 Kd8 38. Kg2 Kc8 39. Kf3 1-0

[Event "Open BDR Salon"]
[Site "?"]
[Date "2004.11.27"]
[Round "2"]
[White "Chazeau, Laineur-Lothaire"]
[Black "Fedeli, Rene"]
[Result "0-1"]
[WhiteElo "1560"]
[BlackElo "1680"]
[PlyCount "50"]
[EventDate "2004.11.27"]
[SourceDate "2005.04.02"]

1. e4 e5 2. Nf3 Nc6 3. Nc3 Nf6 4. Bc4 Bb4 5. d3 O-O 6. Bd2 a6 7. O-O d6 8. a3
Bc5 9. Bg5 h6 10. Bh4 Kh8 11. Nd5 g5 12. Bg3 Nh5 13. Nxe5 Nxg3 14. Nxc6 bxc6
15. Nxc7 Qxc7 16. hxg3 Be6 17. Qh5 Kg7 18. Bxe6 fxe6 19. c3 Qe7 20. Qe2 e5 21.
Kh2 Qf7 22. f4 g4 23. d4 Qh5+ 24. Kg1 exd4 25. b4 d3+ 0-1

[Event "Open BDR Salon"]
[Site "?"]
[Date "2004.11.27"]
[Round "2"]
[White "Terrien, Claude"]
[Black "Paolillo, Jeremy"]
[Result "1-0"]
[WhiteElo "1650"]
[BlackElo "1199"]
[PlyCount "115"]
[EventDate "2004.11.27"]
[SourceDate "2005.04.02"]

1. d4 d5 2. c4 dxc4 3. e4 e6 4. Bxc4 Be7 5. Nc3 Nc6 6. Nge2 Bb4 7. O-O Bxc3 8.
bxc3 Nge7 9. f4 O-O 10. Ng3 a6 11. Bd3 b5 12. Kh1 f6 13. e5 f5 14. Bc2 g6 15.
Ne2 Bb7 16. Ng1 Na5 17. Nh3 Rc8 18. Qe1 Kg7 19. Bd1 Rh8 20. Bf3 Bxf3 21. Rxf3
c5 22. Ng5 Qd7 23. Ba3 h6 24. Nxe6+ Qxe6 25. Bxc5 Nd5 26. a4 Nb7 27. Bb4 a5 28.
Ba3 Rxc3 29. Rxc3 Nxc3 30. Qxc3 b4 31. Qc7+ Qf7 32. Qxf7+ Kxf7 33. Bb2 Rc8 34.
h3 Ke6 35. Kh2 Kd5 36. Kg3 Rc2 37. Rb1 Nd8 38. Kf3 Ne6 39. g4 fxg4+ 40. hxg4
Ng7 41. Ke3 h5 42. gxh5 gxh5 43. Kd3 Rc6 44. Rf1 Nf5 45. Rg1 Rc7 46. Rg5 Ng7
47. Rg6 Rd7 48. Ra6 h4 49. Rxa5+ Ke6 50. Ra6+ Ke7 51. Rh6 Ra7 52. Rxh4 Rxa4 53.
Kc2 Nf5 54. Rh7+ Ke6 55. Kb3 Ra6 56. Kxb4 Rb6+ 57. Ka3 Ne3 58. Rh6+ 1-0

[Event "Open BDR Salon"]
[Site "?"]
[Date "2004.11.27"]
[Round "2"]
[White "Santana, Eric"]
[Black "Pilotto, David"]
[Result "0-1"]
[WhiteElo "1499"]
[BlackElo "1890"]
[PlyCount "54"]
[EventDate "2004.11.27"]
[SourceDate "2005.04.02"]

1. e4 d6 2. Nc3 Nf6 3. d4 g6 4. Nf3 Bg7 5. Be3 Ng4 6. Bd2 O-O 7. Be2 e5 8. d5
f5 9. Bd3 fxe4 10. Nxe4 Nd7 11. O-O Ngf6 12. b4 Nxd5 13. b5 Nf4 14. Bc4+ Kh8
15. Ng3 Nc5 16. Ne2 Nfe6 17. Qc1 e4 18. Nfd4 Nxd4 19. Nxd4 Bxd4 20. Rb1 d5 21.
Bb3 Nxb3 22. cxb3 Bd7 23. Qd1 Bxb5 24. Re1 Bxf2+ 25. Kh1 Bxe1 26. Bxe1 Bd3 27.
Rc1 Rf1# 0-1

[Event "Open BDR Salon"]
[Site "?"]
[Date "2004.11.27"]
[Round "2"]
[White "Navarro, Bertrand"]
[Black "Barabe, Etienne"]
[Result "1-0"]
[WhiteElo "1499"]
[BlackElo "1199"]
[PlyCount "53"]
[EventDate "2004.11.27"]
[SourceDate "2005.04.02"]

1. c4 c5 2. g3 g6 3. Bg2 Bg7 4. Nc3 e5 5. e4 Nc6 6. Nge2 Na5 7. d3 Nf6 8. O-O
d6 9. h3 Bd7 10. f4 exf4 11. Bxf4 Nh5 12. Bxd6 Bxc3 13. bxc3 Qb6 14. e5 Qb2 15.
Bxc5 Rc8 16. Bd4 a6 17. e6 Bxe6 18. Bxh8 Nxc4 19. dxc4 Bxc4 20. Rf2 Rd8 21. Bd4
Bxa2 22. Qa4+ b5 23. Qxa2 Qxa2 24. Rxa2 Rd6 25. g4 b4 26. gxh5 b3 27. Rb2 1-0

[Event "Open BDR Salon"]
[Site "?"]
[Date "2004.11.27"]
[Round "2"]
[White "Brunie, Luce"]
[Black "Dufresne, Ali"]
[Result "1-0"]
[WhiteElo "1340"]
[BlackElo "1499"]
[PlyCount "67"]
[EventDate "2004.11.27"]
[SourceDate "2005.04.02"]

1. e4 g6 2. Nf3 d6 3. Bc4 Nf6 4. Nc3 Bg7 5. O-O Bg4 6. b3 Bxf3 7. Qxf3 O-O 8.
d4 h6 9. Be3 Nc6 10. Rad1 e6 11. d5 Na5 12. Be2 b6 13. b4 Nb7 14. Bc4 Qe7 15.
Bd4 Nd7 16. Bxg7 Kxg7 17. Qg4 Ne5 18. Qe2 Qf6 19. dxe6 fxe6 20. Nb5 Qd8 21.
Bxe6 a6 22. Nd4 Qf6 23. Bd5 c6 24. Ne6+ Kf7 25. Nxf8+ Kxf8 26. Bb3 b5 27. f4
Nd7 28. f5 g5 29. Qh5 Nd8 30. Be6 Nxe6 31. fxe6 Ke7 32. Rxf6 Nxf6 33. Qf7+ Kd8
34. Qxf6+ 1-0

[Event "Open BDR Salon"]
[Site "?"]
[Date "2004.11.27"]
[Round "2"]
[White "Guillaume, Jean-Tristan"]
[Black "Santana, Paul"]
[Result "1-0"]
[WhiteElo "1199"]
[BlackElo "1499"]
[PlyCount "147"]
[EventDate "2004.11.27"]
[SourceDate "2005.04.02"]

1. d4 d5 2. c4 Nf6 3. Nc3 e6 4. Bg5 Be7 5. e3 Nc6 6. Nf3 h6 7. Bh4 O-O 8. a3
Bd7 9. Bxf6 Bxf6 10. cxd5 exd5 11. Nxd5 Re8 12. Nxf6+ Qxf6 13. Bb5 Bg4 14. Bxc6
bxc6 15. O-O Bxf3 16. Qxf3 Qxf3 17. gxf3 Rab8 18. b4 Rb5 19. f4 Re6 20. Kg2 g5
21. fxg5 Rf5 22. gxh6 Rg6+ 23. Kh1 Rxh6 24. Rg1+ Rg6 25. Rxg6+ fxg6 26. Rg1 Kg7
27. Kg2 g5 28. Kf1 Kh6 29. Rg3 a5 30. bxa5 Rxa5 31. e4 Kh5 32. Kg2 g4 33. h3
gxh3+ 34. Kxh3 Ra4 35. Rd3 c5 36. dxc5 Rxe4 37. Rd5+ Kg6 38. Kg3 Rc4 39. f3 Kf6
40. Rh5 Kg6 41. Rd5 Kf6 42. Kf2 Ke6 43. Rh5 Ra4 44. Rh7 Kd5 45. Rxc7 Rxa3 46.
Kg3 Ra8 47. Kg4 Rg8+ 48. Kf4 Rf8+ 49. Ke3 Re8+ 50. Kf2 Rf8 51. Re7 Kxc5 52. Re4
Kd5 53. Ke3 Rf7 54. f4 Rh7 55. Re5+ Kd6 56. Ke4 Rh4 57. Kf5 Rh1 58. Kf6 Rh6+
59. Kg5 Rh8 60. Re1 Rg8+ 61. Kh6 Rf8 62. Rf1 Ke6 63. Kg6 Rg8+ 64. Kh7 Kf7 65.
Rc1 Rg7+ 66. Kh6 Rg6+ 67. Kh5 Rf6 68. Rc7+ Kf8 69. Kg5 Ra6 70. f5 Ra5 71. Kg6
Ra6+ 72. f6 Ra8 73. Rh7 Kg8 74. f7+ 1-0

[Event "Open BDR Salon"]
[Site "?"]
[Date "2004.11.27"]
[Round "2"]
[White "Pierobon, Jonathan"]
[Black "Frailinu, Jean-Bernard"]
[Result "0-1"]
[WhiteElo "1199"]
[BlackElo "1490"]
[PlyCount "118"]
[EventDate "2004.11.27"]
[SourceDate "2005.04.02"]

1. e4 e6 2. g3 d5 3. Bg2 Nf6 4. Nc3 d4 5. Nce2 c5 6. d3 Nc6 7. Bd2 Be7 8. Nf3
e5 9. O-O O-O 10. Bg5 h6 11. Bd2 Be6 12. b3 b5 13. Nc1 a5 14. a4 bxa4 15. bxa4
Qc7 16. c4 Nb4 17. Bxb4 axb4 18. Nb3 Ra7 19. Ra2 Bd7 20. Qa1 Rfa8 21. a5 Bd8
22. Nfd2 Bg4 23. Bf3 Be6 24. Bd1 Ne8 25. f4 exf4 26. Rxf4 Bg5 27. Rf2 Be3 28.
Kg2 Bh3+ 29. Kxh3 Bxf2 30. Kg2 Be3 31. Nf1 Bg5 32. Bf3 Ra6 33. Kf2 Qe5 34. Kg2
Nd6 35. h4 Bd8 36. Nh2 Nb7 37. Ng4 Qe7 38. e5 R8a7 39. Bxb7 Rxb7 40. Qe1 Rba7
41. Qa1 h5 42. Nf2 Qxe5 43. Ne4 Be7 44. Re2 Qc7 45. Ra2 Rg6 46. Kf3 Qe5 47. a6
Qf5+ 48. Ke2 Qg4+ 49. Kf2 Qf5+ 50. Ke2 Qc8 51. Kf3 Rgxa6 52. Rxa6 Rxa6 53. Qe1
Qg4+ 54. Kf2 Ra2+ 55. Ned2 Qf5+ 56. Ke2 Bd6 57. Qg1 Qe5+ 58. Kf2 Qe3+ 59. Kf1
Qxd3+ 0-1

[Event "Open BDR Salon"]
[Site "?"]
[Date "2004.11.27"]
[Round "2"]
[White "Humbert, Didier"]
[Black "Guyard, Gerard"]
[Result "1-0"]
[WhiteElo "1480"]
[BlackElo "1340"]
[PlyCount "75"]
[EventDate "2004.11.27"]
[SourceDate "2005.04.02"]

1. d4 Nf6 2. Bg5 g6 3. Bxf6 exf6 4. e3 Bg7 5. Nc3 O-O 6. Bd3 d5 7. Qf3 c6 8. h4
h5 9. Qf4 f5 10. O-O-O b5 11. a3 a5 12. a4 b4 13. Na2 b3 14. cxb3 Qb6 15. Bc2
Na6 16. Rd3 Nb4 17. Nxb4 Qxb4 18. Ne2 Ba6 19. Rd2 Rab8 20. Nc3 Bc4 21. Qc7 Bxb3
22. Qxc6 Rfc8 23. Nxd5 Qxd2+ 24. Kxd2 Rxc6 25. Ne7+ Kh7 26. Nxc6 Rb6 27. Nxa5
Bxc2 28. Kxc2 Ra6 29. b4 f4 30. Kb3 Ra8 31. Nc6 fxe3 32. fxe3 Re8 33. a5 Rxe3+
34. Kc4 Ra3 35. Kb5 Bf8 36. a6 Bd6 37. a7 Bc7 38. Na5 1-0

[Event "Open BDR Salon"]
[Site "?"]
[Date "2005.01.15"]
[Round "3"]
[White "Fedeli, Rene"]
[Black "Piat, Jean-Pascal"]
[Result "0-1"]
[WhiteElo "1680"]
[BlackElo "1900"]
[PlyCount "126"]
[EventDate "2005.04.02"]
[SourceDate "2005.04.02"]

1. e4 d6 2. Nf3 Nd7 3. Bc4 e5 4. d4 Be7 5. c3 h6 6. Qb3 Bf6 7. Bxf7+ Kf8 8. Bg6
Qe7 9. Be3 Nb6 10. Nbd2 Be6 11. Qc2 Qd7 12. dxe5 dxe5 13. O-O-O Qc6 14. Nb3 Nc4
15. Bc5+ Ne7 16. Qd3 Nd6 17. Bxd6 cxd6 18. Na5 Qc7 19. Qxd6 Qxd6 20. Rxd6 Bxa2
21. Bf5 b6 22. Nc6 Nxc6 23. Rxc6 Bb3 24. g3 Ke7 25. Rc7+ Kd6 26. Rd7+ Kc6 27.
h4 Rhd8 28. Rxd8 Rxd8 29. Nd2 Bf7 30. Bg4 g5 31. h5 a5 32. Kc2 a4 33. Ra1 b5
34. b3 Ra8 35. bxa4 bxa4 36. Kb2 Be7 37. Bd1 a3+ 38. Kc1 Bc5 39. Bb3 Bxb3 40.
Nxb3 Bxf2 41. g4 Ra4 42. Nd2 Kc5 43. Kc2 Be3 44. Nb3+ Kc6 45. Kd3 Bf4 46. Ra2
Ra7 47. c4 Ra4 48. Na1 Bc1 49. Rf2 Bf4 50. Ra2 Kc5 51. Kc3 Rxc4+ 52. Kd3 Ra4
53. Rc2+ Kb5 54. Nb3 a2 55. Na1 Ra3+ 56. Rc3 Rxc3+ 57. Kxc3 Be3 58. Kb2 Bd4+
59. Kxa2 Bxa1 60. Kxa1 Kc4 61. Kb2 Kd4 62. Kc2 Kxe4 63. Kd2 Kf3 0-1

[Event "Open BDR Salon"]
[Site "?"]
[Date "2005.01.15"]
[Round "3"]
[White "Pilotto, David"]
[Black "Terrien, Claude"]
[Result "0-1"]
[WhiteElo "1890"]
[BlackElo "1650"]
[PlyCount "82"]
[EventDate "2005.04.02"]
[SourceDate "2005.04.02"]

1. c4 Nf6 2. Nc3 g6 3. b3 Bg7 4. Bb2 O-O 5. d3 d6 6. e3 e5 7. Qc2 Nc6 8. a3 Nh5
9. Be2 Nf6 10. Nf3 Ne8 11. Nd2 f5 12. f4 exf4 13. exf4 Nd4 14. Qd1 c6 15. O-O
Bd7 16. Nf3 Nc7 17. Na4 Nce6 18. Rc1 Re8 19. Nxd4 Nxd4 20. Bxd4 Bxd4+ 21. Kh1
c5 22. Nc3 Bc6 23. Bf3 Qd7 24. Nd5 Kg7 25. Rc2 Bxd5 26. Bxd5 Re3 27. Re1 Rae8
28. Rce2 b6 29. Rxe3 Bxe3 30. g3 Qd8 31. Qf3 Bd4 32. Be6 Re7 33. g4 fxg4 34.
Qxg4 Qf8 35. Re4 Qf6 36. h4 h5 37. Qh3 Bf2 38. f5 Qa1+ 39. Kg2 Qg1+ 40. Kf3 Bd4
41. Qg3 Qf1+ 0-1

[Event "Open BDR Salon"]
[Site "?"]
[Date "2005.01.15"]
[Round "3"]
[White "Chazeau, Laineur-Lothaire"]
[Black "Navarro, Bertrand"]
[Result "1/2-1/2"]
[WhiteElo "1560"]
[BlackElo "1499"]
[PlyCount "64"]
[EventDate "2004.11.27"]
[SourceDate "2005.04.02"]

1. e4 c5 2. Nf3 d6 3. Be2 Nf6 4. d3 g6 5. Be3 Bg7 6. Nc3 Nbd7 7. Qd2 e6 8. Bh6
O-O 9. Bxg7 Kxg7 10. O-O a6 11. Qe3 Qc7 12. Nd2 d5 13. d4 cxd4 14. Qxd4 e5 15.
Nxd5 Nxd5 16. Qxd5 Qxc2 17. Rab1 Qc5 18. Qxc5 Nxc5 19. b4 Nd7 20. Rbc1 b5 21.
Rc7 Rd8 22. Rfc1 Nf6 23. Rd1 Be6 24. a3 Rd6 25. Kf1 Rad8 26. Ke1 Rd4 27. f3
R8d6 28. Rc5 Nd7 29. Rcc1 Nb6 30. h3 Na4 31. Rc2 f5 32. h4 h6 1/2-1/2

[Event "Open BDR Salon"]
[Site "?"]
[Date "2005.01.15"]
[Round "3"]
[White "Paolillo, Jeremy"]
[Black "Humbert, Didier"]
[Result "1/2-1/2"]
[WhiteElo "1199"]
[BlackElo "1480"]
[PlyCount "57"]
[EventDate "2005.04.02"]
[SourceDate "2005.04.02"]

1. d4 c5 2. c3 c4 3. Bf4 Nf6 4. e3 d5 5. Bxb8 Rxb8 6. Qa4+ b5 7. Qxa7 Rb7 8.
Qa6 Rb6 9. Qa5 e6 10. b4 Bd6 11. Qa3 e5 12. Be2 exd4 13. exd4 O-O 14. Qb2 Re8
15. h3 Bf5 16. Nd2 Bd3 17. Nf1 Qe7 18. a3 Qe4 19. Ne3 Bf4 20. Bf3 Qe7 21. Qd2
Bxe3 22. fxe3 Re6 23. Ra2 Rxe3+ 24. Be2 Bxe2 25. Nxe2 Rd3 26. Qc2 Ne4 27. O-O
Qg5 28. Qc1 Qe7 29. Rc2 1/2-1/2

[Event "Open BDR Salon"]
[Site "?"]
[Date "2005.01.15"]
[Round "3"]
[White "Dufresne, Said"]
[Black "Blondelon, Claude"]
[Result "1/2-1/2"]
[WhiteElo "1499"]
[BlackElo "1440"]
[PlyCount "65"]
[EventDate "2005.04.02"]
[SourceDate "2005.04.02"]

1. Nf3 Nf6 2. c4 c5 3. Nc3 Nc6 4. g3 b6 5. Bg2 Bb7 6. O-O e6 7. b3 Rb8 8. e4 e5
9. Re1 Be7 10. Nd5 Bd6 11. d3 Nxd5 12. exd5 Ne7 13. Nxe5 O-O 14. Qg4 Bc8 15.
Be4 Bxe5 16. Bxh7+ Kxh7 17. Rxe5 Kg8 18. d6 Ng6 19. Rh5 Qf6 20. Rb1 Qxd6 21.
Rd5 Qe6 22. Qxe6 dxe6 23. Rd6 Re8 24. h4 Rb7 25. h5 Nf8 26. h6 gxh6 27. Bb2 Rd7
28. Rxd7 Bxd7 29. Kg2 Ng6 30. Rh1 Kh7 31. Bc1 Rh8 32. Bb2 Rg8 33. Bc1 1/2-1/2